000 00990cam a2200241 4500
001 WB3832-11
008 020903n2002 000 0 eng u
035 _a(Sirsi) u119536
245 _aOptimism drives capital forces
260 _c2002
490 _aEstates Gazette
_v(0235) 31 August 2002, 26(1)
520 _aThe Investment Property Forum/Estates Gazette "Investment intentions survey" shows capital growth expectations have grown by at least 60 basis points in all sectors. Now investors expect the all-property total return this year to be 9.3% compared with an expectation of 6.9% in February. Download the free report from the IPF website at http://www.ipf.org.uk/web/research/invest_inten_survey_march_2002.pdf
590 _aWB
650 _aFORECASTS
650 _aCAPITAL GROWTH
650 _aTOTAL RETURNS
650 _aYIELDS
650 _aINVESTORS
650 _aRENTAL GROWTH
650 _aPROPERTY-COMMERCIAL PROPERTY
690 _aINVESTMENT
942 _n0
999 _c71065
_d71065